Tunnettuja Mikko nimisiä henkilöitä - Statistics

Yleistilastot
  • Tätä visaa on pelattu 114 kertaa
  • Keskiarvotulos 4 / 15
Vastaustilastot
Vihje Vastaus % Oikein
Näyttelijä Mikko Leppilampi
75%
Jääkiekkoilija Mikko Koivu
68%
Laulaja, kansanedustaja Mikko Alatalo
64%
Laulaja-lauluntekijä Mikko Kuustonen
55%
Ralliautoilija Mikko Hirvonen
31%
Rap-artisti Mikko Kuoppala
24%
Näyttelijä Mikko Kivinen
16%
Poliisiylijohtaja Mikko Paatero
15%
Juontaja Mikko Peltola
12%
Laulaja-lauluntekijä Mikko Harju
6%
Näyttelijä Mikko Parikka
6%
kansanedustaja, ministeri Mikko Savola
3%
Kapellimestari Mikko Franck
2%
Muusikko Mikko von Hertzen
2%
Pesäpalloilija Mikko Haukkala
0%
Ehtoja vastaavia visoja ei löytynyt
Tulosjakauma
Jokaisen tuloksen saaneiden osuus
Persentiili vastausten määrän mukaan
Tuloshistoriasi
Et ole pelannut tätä visaa